Biblioteka Instytutu Północnego w Olsztynie

Wystawy indywidualne w galeriach szkolnych. (Rekord nr 27292)

Szczegóły MARC
000 -Nagłówek
fixed length control field 01170cam a2200289 i 4500
001 - Nr kontrolny bibl., która utworzyła rek.
control field xx003944066
003 - Siglum bibl., której nr kontr. jest w 001
control field NUKAT
005 - Data i czas ostatniej operacji
control field 20260327104529.0
008 - Elementy pola stałej długości
fixed length control field 170301s2016 pl a |000 0 pol c
020 ## - ISBN
ISBN 9788394030421
dopowiedzenie (oprawa miękka)
035 ## - Systemowy numer kontrolny
systemowy numer kontrolny (OCoLC)979171617
035 ## - Systemowy numer kontrolny
systemowy numer kontrolny (NUKAT)xx003944066
040 ## - Instytucja sporządzająca opis
Instytucja, która sporządziła opis KR U/PA
język katalgowania-trzyzn. kod pol
zasady opisu rda
Instytucja, która sporządziła rekord KR U/PA
Instytucja, która zmodyfikowała rekord OLSZT 008/bak
245 00 - Tytuł właściwy i oznaczenie odpow.
tytuł Wystawy indywidualne w galeriach szkolnych.
numer części/sekcji pracy Z. 2 /
dod. inf. ze s. tyt./ozn. odpow. redakcja, układ i skład Wojciech Lewandowski.
260 ## - Adres wydawniczy
miejsce wydania, dystrybucji itp. Olsztyn :
nazwa wydawcy, dystrybutora itp. Towarzystwo Przyjaciół Sztuk Pięknych,
data wydania, dystrybucji itp. 2016.
300 ## - Opis fizyczny
objętość i/lub forma materiału 52 strony :
inne szczegóły opisu fizycznego ilustracje ;
format 21 cm.
336 ## - Content Type
Term Tekst
Code txt
Source rdacontent
336 ## - Content Type
Term Obraz
Code sti
Source rdacontent
337 ## - Media Type
Term Bez urządzenia pośredniczącego
Code n
Source rdamedia
338 ## - Carrier Type
Term Wolumin
Code nc
Source rdacarrier
500 ## - Uwaga ogólna
uwaga ogólna Oznaczenie odpowiedzialności na stronie redakcyjnej.
650 #7 - Hasło przedmiotowe-nazwa pospolita
nazwa pospolita lub geogr. Sztuka
określnik geograficzny Polska
określnik chronologiczny 1990-
określnik formy wydawnictwa ilustrowane.
źródło hasła kaba
9 (RLIN) 39038
700 1# - Hasło dodatkowe - nazwa osobowa
nazwa osobowa Lewandowski, Wojciech
daty biograficzne (1934- ).
rodzaj współpracy Opracowanie
-- Redakcja
9 (RLIN) 39037
710 2# - Hasło dodatkowe - nazwa ciała zbior.
nazwa ciała zbior. lub nazwa geogr. Towarzystwo Przyjaciół Sztuk Pięknych (Olsztyn).
rodzaj współpracy Wydawca
kod rodzaju współpracy pbl
9 (RLIN) 37729
920 ## - ISBN
ISBN 978-83-940304-2-1 (oprawa miękka)
942 ## - ADDED ENTRY ELEMENTS (KOHA)
Source of classification or shelving scheme Dewey Decimal Classification
Koha item type pozycje dostępne na miejscu
Egzemplarze
Status wycofania Status zagubienia Klasyfikacja Status uszkodzenia Blokada wypożyczeń Kolekcja Lokalizacja macierzysta Lokalizacja bieżąca Data nabycia Numer akcesji Źródło akcesji Cena Nr inwentarzowy il. wypożyczeń Sygnatura Kod kreskowy Date last seen Price effective from Typ egz.
    Dewey Decimal Classification nieuszkodzona   książka w magazynie Biblioteka Instytutu Północnego w Olsztynie Biblioteka Instytutu Północnego w Olsztynie 26/04/2019 D-25/2019 dar 15.00 59790   59790 IPWK21486 27/03/2026 27/03/2026 pozycje dostępne na miejscu
Biblioteka Instytutu Północnego, ul. Partyzantów 87, 10-402 Olsztyn, email: biblioteka(at)ip.olsztyn.pl